Almanaque mundial 1998 /

Guardado en:
Autor Principal: González Ortega, Andrés Jorge
Formato: Libro
Publicado: México : Televisa, 1999
Materias:
Etiquetas: Agregar Etiqueta
Sin Etiquetas, Sea el primero en etiquetar este registro!
LEADER 00545nam a22001815a 4500
001 CEM.cems010931
005 20080304151236.0
008 130507s1999##################000#0#####d
003 CEMS
020 |a 1562590324 
082 0 4 |a 910.3 
100 1 |a González Ortega, Andrés Jorge 
245 1 0 |a Almanaque mundial 1998 /  |c Dirigido Por Andrés Jorge González Ortega 
260 |a México :  |b Televisa,  |c 1999 
300 |a 608 p. 
653 |a Anuarios 
653 |a Guías mundiales 
859 |a CEMS  |b BIB. CEMS - 11 de abril  |h 910.3  |i G589  |p 1847.44  |t Ej.1  |v 1998  |3 1998